000 00640nam a2200193Ia 4500
008 151121s9999||||xx |||||||||||||| ||und||
082 _a630।535/भोंगळे
082 _bHNW-79035
100 _aभोंगळे सुधीर
245 _aशेती इस्त्राईलची
260 _b"राजहंस , पुणे।"
260 _c--
300 _a232
600 _aभोंगळे सुधीर
630 _aशेती इस्त्राईलची
700 _aभोंगळे सुधीर
730 _aशेती इस्त्राईलची
942 _cBOOK
999 _c1260435
_d1260432